Lana Del Rey - Happiness is a butterfly Lyrics - Statistics

General Stats
  • This quiz has been taken 139 times
    136 since last reset
  • The average score is 319 of 379
Answer Stats
Answer % Correct
I
100%
a
98%
in
96%
you
96%
I'm
95%
me
95%
The
95%
the
95%
Do
94%
do
94%
happen
94%
it
94%
It
94%
then
94%
butterfly
93%
Happiness
93%
is
93%
to
93%
not?
92%
on
92%
or
92%
Try
92%
want
92%
another
90%
catch
90%
like
90%
now
90%
one
90%
call
89%
every
89%
Every
89%
night
89%
be
88%
dance
88%
(Dance)
88%
"Don't
88%
don't
88%
heard
88%
just
88%
thing
88%
wanna
88%
with
88%
With
88%
Baby
87%
baby
87%
hearing
87%
it's
87%
summer
87%
taxi"
87%
your
87%
already
86%
backseat
86%
can
86%
hurt?
86%
hurt
86%
If
86%
if
86%
jerk
86%
oh
86%
That
86%
was
86%
crying
85%
feels
85%
girl
85%
killer
85%
my
85%
parking
85%
serial
85%
what's
85%
2
83%
AM
83%
day
83%
into
83%
lullaby
83%
said
83%
moonlight
82%
say
82%
who's
82%
worst
82%
as
81%
bar
81%
he's
81%
He's
81%
spot
81%
they
81%
Sitting
80%
sweatshirt
80%
and
79%
bad
79%
escapes
79%
from
79%
guess
79%
hands
77%
Dropped
76%
eyes
76%
hot
76%
his
75%
pin
75%
think
74%
Looking
73%
being
70%
Sing
69%
sing
69%
alley
68%
cursed
68%
down
68%
hold
68%
Hollywood
68%
tight
68%
avenue
67%
tour
58%
Black
57%
for
55%
phone
55%
Rabbit
55%
you're
55%
Vine
54%
ah
52%
babies
52%
dancing
51%
while
51%
crazy
50%
life
50%
up
50%
We
50%
drove
49%
town
49%
pick
48%
I'll
46%
music
46%
should
45%
Sunset
40%
corner
39%
Left
39%
canyon
38%
lightning
38%
myself
35%
truck
35%
club
33%
Hum
33%
lose
33%
Laurel
13%
No matching quizzes found
Score Distribution
Percent of People with Each Score
Percentile by Number Answered
Your Score History
You have not taken this quiz since the last reset